Đang tải...

THE DASARUPAKA OF DHANANJAYA WITH THE COMMENTARY OF DHANIKA

Chi tiết về thư mục
Tác giả khác: KASHINATH PANDURANG PARAB
Định dạng: Printed Book
Được phát hành: BOMBAY TUKARAM JAVAJI 1897
Những chủ đề:
LEADER 00490nam a2200169 4500
020
082
100
245 |a THE DASARUPAKA OF DHANANJAYA WITH THE COMMENTARY OF DHANIKA  |h SANSKRIT 
250
260 |a BOMBAY  |b TUKARAM JAVAJI  |c 1897 
300 |f HB 
650 |a THE DASARUPAKA OF DHANANJAYA WITH THE COMMENTARY OF DHANIKA 
700 |a KASHINATH PANDURANG PARAB 
942 |c BK 
999 |c 162851  |d 162851 
952 |0 0  |1 0  |4 0  |7 0  |9 176308  |a ORI  |b ORI  |l 0  |p ORIS4778  |r 2019-10-25  |w 2019-10-25  |y BK